| 000 | 00390 a2200169 4500 | ||
|---|---|---|---|
| 001 | 186689 | ||
| 020 | _a85-08-06641-4 | ||
| 040 | _cMagnum | ||
| 100 | _aFurnari, Eva | ||
| 240 | 1 | 0 |
_aBruxinha e as maldades da sorumbática _lpor |
| 245 | 1 | 0 | _aBruxinha e as maldades da sorumbática |
| 300 | _a32 | ||
| 362 | 0 | _a1999 | |
| 440 | 1 | _aÁtica | |
| 697 | _aLITERATURA INFANTO | ||
| 942 | _cBK | ||
| 999 |
_c186689 _d186689 |
||